书目信息 |
| 题名: |
斯坦福高效睡眠法
|
|
| 作者: | 西野精治 著 ;尹凤竹 译 | |
| 分册: | ||
| 出版信息: | 北京 文化发展出版社 2020.4 |
|
| 页数: | 201页 | |
| 开本: | 21cm | |
| 丛书名: | ||
| 单 册: | ||
| 中图分类: | R338.63 | |
| 科图分类: | ||
| 主题词: | 睡眠--研究 | |
| 电子资源: | ||
| ISBN: | 978-7-5142-2373-6 | |
| 000 | 01123nam0 2200277 45 | |
| 001 | 012001000948 | |
| 005 | 20140820110903.0 | |
| 010 | @a978-7-5142-2373-6@dCNY49.80 | |
| 099 | @aCAL 012018185405 | |
| 100 | @a20181130d2018 em y0chiy0110 ea | |
| 101 | 1 | @achi@cjpn |
| 102 | @aCN@b110000 | |
| 105 | @aa a 000yy | |
| 106 | @ar | |
| 200 | 1 | @a斯坦福高效睡眠法@Asi tan fu gao xiao shui mian fa@f(日) 西野精治著@g尹凤竹译 |
| 210 | @a北京@c文化发展出版社@d2020.4 | |
| 215 | @a201页@c彩图@d21cm | |
| 304 | @a题名页有日文并列题名 | |
| 320 | @a有书目 (第196-201页) | |
| 330 | @a本书凝聚了斯坦福大学睡眠研究所最新的研究成果的数据, 为读者获得更优质、更高效的睡眠提供科学的指导。作者通过研究发现, 入睡的第一个90分钟是最关键的, 在这90分钟里得到高质量的休息, 会让人在第二天拥有充沛的精力和工作效率。基于这一核心发现, 全书提供了种种助眠的方法, 包括在需要熬夜加班、调整时差等无法保证早睡的情况下, 如何获得高效的睡眠。 | |
| 606 | 0 | @a睡眠@x研究 |
| 690 | @aR338.63@v5 | |
| 701 | 0 | @a西野精治@Axi ye jing zhi@4著 |
| 702 | 0 | @a尹凤竹@Ayin feng zhu@4译 |
| 801 | @aCN@bAHXH@c20210922 | |
| 905 | @b1250465-9@dR338.63@e363@f5 | |
| 斯坦福高效睡眠法/(日) 西野精治著/尹凤竹译.-北京:文化发展出版社,2020.4 |
| 201页:彩图;21cm |
| ISBN 978-7-5142-2373-6:CNY49.80 |
| 本书凝聚了斯坦福大学睡眠研究所最新的研究成果的数据, 为读者获得更优质、更高效的睡眠提供科学的指导。作者通过研究发现, 入睡的第一个90分钟是最关键的, 在这90分钟里得到高质量的休息, 会让人在第二天拥有充沛的精力和工作效率。基于这一核心发现, 全书提供了种种助眠的方法, 包括在需要熬夜加班、调整时差等无法保证早睡的情况下, 如何获得高效的睡眠。 |
| ● |
| 相关链接 |
|
|
|
|
正题名:斯坦福高效睡眠法
索取号:R338.63/363
 
预约/预借
| 序号 | 登录号 | 条形码 | 馆藏地/架位号 | 状态 | 备注 |
| 1 | 1250465 | 212504654 | 第二样本阅览室/ [索取号:R338.63/363] | 在馆 | |
| 2 | 1250466 | 212504663 | 教育系资料室/ [索取号:R338.63/363] | 在馆 | |
| 3 | 1250467 | 212504672 | 教育系资料室/ [索取号:R338.63/363] | 在馆 | |
| 4 | 1250468 | 212504681 | 第三借阅区/ [索取号:R338.63/363] | 在馆 | |
| 5 | 1250469 | 212504690 | 第三借阅区/ [索取号:R338.63/363] | 在馆 |